000 00471nam a2200181Ia 4500
001 3843
005 20260306145713.0
008 260306t2004||||xx |||||||||||||| ||spa||
041 _aESP
082 _a303.625
_bM535
100 _aBelay, Raynald (Ed.)
_eAUT
245 0 _aMemorias en conflicto:
_baspectos de la violencia política contemporánea
260 _c2004
300 _a349 páginas :
_c24 cm.
650 _aGEN
654 _aCHU
942 _cLIB
_dJUS
_fJUS
_2ddc
_n
999 _c3843
_d3843